25-26 Bundesliga Teams - Statistics

General Stats
  • This quiz has been taken 22 times
  • The average score is 15 of 18
Answer Stats
Answer % Correct
Bayern Munich
100%
Borussia Dortmund
100%
Bayer Leverkusen
94%
Wolfsburg
94%
FC St. Pauli
89%
RB Leipzig
89%
VFB Stuttgart
89%
Werder Bremen
89%
Augsburg
83%
Eintracht Frankfurt
83%
Hamburger SV
83%
Union Berlin
83%
Borussia Mönchengladbach
78%
SC Freiburg
78%
Mainz 05
72%
TSG Hoffenheim
72%
FC Heidenheim
56%
1. FC Cologne
50%
No matching quizzes found
Score Distribution
Percent of People with Each Score
Percentile by Number Answered
Your Score History
You have not taken this quiz